MARC

LEADER 00000nam0a2200000 4500
001 265593
005 20231101233932.0
020 |a RU  |b 86-70387 
035 |a (RuTPU)RU\TPU\book\288595 
090 |a 265593 
100 |a 20140627d1986 k y0rusy5003 ca 
101 0 |a rus 
102 |a RU 
105 |a a z 001zy 
200 1 |a Охотско-Чаунская металлогеническая провинция: строение, рудоносность, аналоги  |f Р. Б. Умитбаев  |g Академия наук СССР (АН СССР), Дальневосточное отделение (ДВО), Северо-Восточный комплексный научно-исследовательский институт (СВКНИИ) ; под ред. Н. А. Шило 
210 |a Москва  |c Наука  |d 1986 
215 |a 285 с.  |c ил. 
320 |a Библиогр.: с. 272-284 
606 1 |a Металлогения  |2 stltpush  |3 (RuTPU)RU\TPU\subj\42411  |9 62078 
610 1 |a Охотско-Чаунская область 
610 1 |a строение 
610 1 |a рудоносность 
610 1 |a аналоги 
610 1 |a геологическое строение 
610 1 |a стратифицированные образования 
610 1 |a магматические формации 
610 1 |a тектоническое районирование 
610 1 |a геодинамика 
675 |a 553.078  |z rus  |v 3 
700 1 |a Умитбаев  |b Р. Б.  |g Рустем Бареевич  |4 070 
702 1 |a Шило  |b Н. А.  |4 340 
712 0 2 |a Академия наук СССР (АН СССР)  |b Дальневосточное отделение (ДВО)  |b Северо-Восточный комплексный научно-исследовательский институт (СВКНИИ)  |c (Магадан)  |2 stltpush  |3 (RuTPU)RU\TPU\col\12547 
801 0 |a RU  |b RuMRKP  |c 19950704  |g psbo 
801 1 |a RU  |b 63413507  |c 20140627 
801 2 |a RU  |b 63413507  |c 20170213  |g RCR 
942 |c BK